| 000 | 00539nam a2200181Ia 4500 | ||
|---|---|---|---|
| 999 |
_c29178 _d29178 |
||
| 003 | OSt | ||
| 005 | 20200625144735.0 | ||
| 008 | 190216s9999||||xx |||||||||||||| ||und|| | ||
| 020 | _a8182642922 | ||
| 040 | _coclc | ||
| 082 |
_a954 _bNEH/I |
||
| 100 |
_aNehru, Jawaharlal _93188 |
||
| 245 | 0 |
_aIndiaye Kandethal / _cJawaharlal Nehru, Translated By C H Kunhappa |
|
| 250 | _a8th Ed. | ||
| 260 |
_bMathrubhumi Printing &publishing, _aKozhikode: _c2006. |
||
| 300 | _a671p | ||
| 942 |
_cBK _2ddc _h954 _iNEH/I _k954 _mNEH/I |
||